=LDR 00000nam 2200000 4500 =001 INLIS000000000006846 =005 20130612094933 =008 ***********************************Ind** =035 ##$$0010-061300000006846 =041 ##$$a Ind =082 ##$$a 574 =090 ##$$a 574, Sus b =100 ##$$a Susilo =245 ##$$a Biologi, Drs. Soesilo =260 ##$$a 1986 $b Jakarta =300 ##$$a 30 hlm., 21 cm =650 ##$$a Biologi =850 ##$$a NBPNMAT